logo

Bir Sreshtho Munshi Abdur Rouf Library
Jhenaidah Cadet College

কোরান দর্শন / (Record no. 2700)

MARC details
000 -LEADER
fixed length control field 00664nam a2200217 a 4500
001 - CONTROL NUMBER
JCCL Control Number 2700
003 - CONTROL NUMBER IDENTIFIER
JCCL marc code BD-JhCC
005 - DATE AND TIME OF LATEST TRANSACTION
control field 20200328134008.0
008 - FIXED-LENGTH DATA ELEMENTS--GENERAL INFORMATION
fixed length control field 171106s2005 bg |||| ||a| 000 0 ben d
035 ## - SYSTEM CONTROL NUMBER
system control number (BD-JhCC)2700
040 ## - CATALOGING SOURCE
Original cataloging agency BD-JhCC
Modifying agency BD-JhCC
041 ## - LANGUAGE CODE
Language code of Book ben
082 ## - DEWEY DECIMAL CLASSIFICATION NUMBER
Classification number 297.122
Author mark and Year CHI 2005
100 ## - MAIN ENTRY--PERSONAL NAME
Personal name চিশতী, সদর উদ্দিন আহমদ
245 ## - TITLE STATEMENT
Title কোরান দর্শন /
Statement of responsibility, etc সদর উদ্দিন আহমদ চিশতী,
260 ## - PUBLICATION, DISTRIBUTION, ETC. (IMPRINT)
Place of publication, distribution, etc ঢাকা :
Name of publisher, distributor, etc রামন পাবলিশার্স,
Date of publication, distribution, etc 2005
300 ## - PHYSICAL DESCRIPTION
Pagination 416 p. :
Dimensions 24 cm.
650 ## - SUBJECT ADDED ENTRY--TOPICAL TERM
Topical term or geographic name as entry element Quran
942 ## - ADDED ENTRY ELEMENTS (KOHA)
Source of classification or shelving scheme Dewey Decimal Classification
Koha item type Books
Koha issues (borrowed), all copies 4
Holdings
Source of classification or shelving scheme volume number Damaged status Not for loan Home library Current library Shelving location Source of acquisition Cost, normal purchase price Total Checkouts Full call number Barcode Date last seen Date checked out Copy number Koha item type Date of accession
Dewey Decimal Classification V-2     JCC Rouf Library JCC Rouf Library General Stacks 10th Intake 350.00 2 297.122 CHI 2005 537 04/20/2020 03/27/2020 C-1 Books  
Dewey Decimal Classification V-2     JCC Rouf Library JCC Rouf Library General Stacks   350.00   297.122 CHI 2005 536 01/23/2018   C-2 Books 01/23/2018

JCC Library | Contacts | JCC Home

Last Update on 23 September 2017
Copyright @ 2017-2020 JCC Rouf Library
Rouf Library, Jhenidah Cadet College (JCC), Bangladesh